[Event "Lichtenberger Sommer 2024"]
[Site "Berlin"]
[Date "2024.08.18"]
[Round "9.75"]
[White "Albrecht, Constantin"]
[Black "Fiedler, Ronald"]
[Result "1-0"]
[WhiteElo "1667"]
[BlackElo "1736"]
[PlyCount "53"]
[EventDate "2024.08.10"]
[WhiteTeam "SV Empor Berlin e.V."]
[BlackTeam "SVG Läufer Reinickendorf e.V."]

1. f4 d6 2. e4 c5 3. Nf3 Nc6 4. b3 Qc7 5. Nc3 a6 6. Be2 e6 7. O-O Nd4 8. Bb2
Nf6 9. f5 Ng4 10. Nxd4 cxd4 11. fxe6 Bxe6 12. Bxg4 dxc3 13. Bxc3 Bxg4 14. Qxg4
Qc5+ 15. Kh1 h5 16. Qe2 Qb5 17. Qxb5+ axb5 18. Rf5 Rh6 19. Rxb5 Rb8 20. Rf1 Re6
21. e5 b6 22. exd6 Bxd6 23. Bxg7 Bc5 24. d4 Be7 25. Rxh5 Kd7 26. Rhf5 f6 27. g3
1-0

[Event "Lichtenberger Sommer 2024"]
[Site "Berlin"]
[Date "2024.08.18"]
[Round "9.76"]
[White "Kellner, Rene"]
[Black "Ahmadov, Ahmad"]
[Result "1-0"]
[WhiteElo "1734"]
[BlackElo "1620"]
[PlyCount "53"]
[EventDate "2024.08.10"]
[WhiteTeam "Potsdamer SV Mitte e.V."]
[BlackTeam "SV Empor Berlin e.V."]

1. c4 c5 2. Nc3 g6 3. g3 Bg7 4. Bg2 Nc6 5. e4 e5 6. Nge2 Nge7 7. d3 d6 8. O-O
O-O 9. h3 Be6 10. f4 Nd4 11. Nxd4 cxd4 12. Nd5 Qd7 13. Kh2 f5 14. Bd2 Bxd5 15.
exd5 b5 16. c5 Rac8 17. c6 Qc7 18. a4 a6 19. axb5 axb5 20. Qb3 Rb8 21. Bb4 Ra8
22. fxe5 Bxe5 23. Rfe1 f4 24. Rxa8 fxg3+ 25. Kh1 Rxa8 26. Rxe5 dxe5 27. d6+ 1-0

[Event "Lichtenberger Sommer 2024"]
[Site "Berlin"]
[Date "2024.08.18"]
[Round "9.77"]
[White "Zussner, Tim"]
[Black "Kopbauer, René"]
[Result "1/2-1/2"]
[WhiteElo "1679"]
[BlackElo "1832"]
[PlyCount "133"]
[EventDate "2024.08.10"]
[WhiteTeam "SV Empor Berlin e.V."]
[BlackTeam "TSG Oberschöneweide e.V."]

1. d4 d5 2. c4 c6 3. Nc3 Nf6 4. cxd5 cxd5 5. Nf3 Nc6 6. e3 e6 7. a3 a6 8. Bd3
Bd6 9. O-O Bc7 10. b4 b5 11. Bb2 Qd6 12. Ne2 Ng4 13. Ng3 h5 14. Re1 Bd7 15. h3
Nxf2 16. Kxf2 Qxg3+ 17. Kf1 g5 18. Qe2 g4 19. Ng1 f5 20. Qf2 Rf8 21. Ne2 Qxf2+
22. Kxf2 Ke7 23. Nf4 Bxf4 24. exf4 Kd6 25. Rac1 Rfc8 26. Ke3 Ne7 27. Rc5 Ng6
28. hxg4 hxg4 29. Rxc8 Rxc8 30. Rh1 Rh8 31. Rxh8 Nxh8 32. g3 Nf7 33. Kf2 Nd8
34. Ke3 Nb7 35. Bc3 Kc6 36. Bd2 Kb6 37. Bc3 Nd6 38. Ke2 Nc4 39. Bxc4 dxc4 40.
Kd2 Bc6 41. Ke3 Be4 42. Kd2 Kc6 43. Ke3 Kd5 44. Kd2 Bg2 45. Ke3 Bf1 46. Bb2 Bd3
47. Bc3 Bb1 48. Bb2 c3 49. Bxc3 Kc4 50. Bb2 Kb3 51. Bc1 Kc2 52. Bd2 Kb2 53. Be1
Kxa3 54. Bd2 Be4 55. d5 Bxd5 56. Kd4 a5 57. Kc5 axb4 58. Bxb4+ Ka4 59. Bd2 Bc4
60. Bc3 Kb3 61. Bd2 Kc2 62. Ba5 Kd3 63. Bd8 Ke4 64. Bf6 Kf3 65. Bh4 e5 66. fxe5
f4 67. gxf4 1/2-1/2

[Event "Lichtenberger Sommer 2024"]
[Site "Berlin"]
[Date "2024.08.18"]
[Round "9.78"]
[White "Zesewitz, Uwe"]
[Black "Abobreik, Salem"]
[Result "1/2-1/2"]
[WhiteElo "1629"]
[BlackElo "1725"]
[PlyCount "35"]
[EventDate "2024.08.10"]
[WhiteTeam "SV SF Friedrichshagen"]
[BlackTeam "Spandauer SV e.V."]

1. f4 e5 2. fxe5 d6 3. exd6 Bxd6 4. Nf3 g5 5. d4 g4 6. Bg5 f6 7. Bh4 gxf3 8.
exf3 Bf5 9. Bc4 Qe7+ 10. Kf2 Qg7 11. Nd2 Nc6 12. c3 O-O-O 13. Nf1 Nge7 14. Bd3
Rhg8 15. Bg3 Bxg3+ 16. Nxg3 Bxd3 17. Qxd3 Qg6 18. Rad1 1/2-1/2

[Event "Lichtenberger Sommer 2024"]
[Site "Berlin"]
[Date "2024.08.18"]
[Round "9.80"]
[White "Lippert, Marc"]
[Black "Koerber, Bernhard"]
[Result "0-1"]
[WhiteElo "1450"]
[BlackElo "1662"]
[PlyCount "78"]
[EventDate "2024.08.10"]
[WhiteTeam "SVG Läufer Reinickendorf e.V."]
[BlackTeam "SG Lasker Steglitz"]

1. e4 e6 2. d4 d5 3. exd5 exd5 4. Bd3 Nc6 5. c3 Bd6 6. Nf3 Nge7 7. O-O Bf5 8.
Bxf5 Nxf5 9. Re1+ Nce7 10. Qb3 b6 11. Qxd5 Bxh2+ 12. Nxh2 Qxd5 13. Bg5 f6 14.
Bf4 c6 15. Nd2 O-O 16. Ne4 Ng6 17. Bd2 Rae8 18. f3 Nd6 19. Nxd6 Rxe1+ 20. Rxe1
Qxd6 21. Nf1 Qd7 22. Be3 Re8 23. Kf2 f5 24. Ng3 f4 25. Bxf4 Rxe1 26. Kxe1 Nxf4
27. Kf2 Nd3+ 28. Ke3 Nxb2 29. Kd2 Nc4+ 30. Kd3 b5 31. Kc2 Qc7 32. Ne4 Qa5 33.
Kd3 Qxa2 34. g3 Qg2 35. f4 Qf3+ 36. Kc2 Qxe4+ 37. Kb3 a5 38. Ka2 Qc2+ 39. Ka1
Qb2# 0-1

[Event "Lichtenberger Sommer 2024"]
[Site "Berlin"]
[Date "2024.08.18"]
[Round "9.81"]
[White "Dittrich, Hans-Jürgen"]
[Black "Majewski, Nico"]
[Result "0-1"]
[WhiteElo "1573"]
[BlackElo "1623"]
[PlyCount "92"]
[EventDate "2024.08.10"]
[WhiteTeam "SC Eintracht Berlin e.V."]
[BlackTeam "ESV Lok Falkenberg e.V."]

1. d4 Nf6 2. Nf3 e6 3. Bf4 c5 4. e3 Qb6 5. b3 Nc6 6. c3 cxd4 7. Nxd4 d6 8. Nxc6
Qxc6 9. a4 Qc7 10. Bb5+ Bd7 11. Bxd7+ Qxd7 12. Nd2 Be7 13. O-O O-O 14. a5 d5
15. b4 Rac8 16. Be5 Qc6 17. Qa4 a6 18. Qxc6 Rxc6 19. h3 Nd7 20. Bh2 Rxc3 21.
Rac1 Rfc8 22. Rxc3 Rxc3 23. Rb1 Rc2 24. Nf1 Rc4 25. b5 Rb4 26. bxa6 bxa6 27.
Rc1 Rc4 28. Rb1 Bb4 29. Bc7 Rxc7 30. Rxb4 h6 31. Nd2 Rc1+ 32. Kh2 Ra1 33. Rb7
Nc5 34. Rc7 Rxa5 35. Rc8+ Kh7 36. Rb8 Ra2 37. Nb3 Nxb3 38. Rxb3 Rxf2 39. Ra3
Re2 40. Kg3 Kg6 41. Kf3 Rb2 42. Rxa6 Rb3 43. Rd6 Kf6 44. Rd7 g5 45. Ke2 Kg6 46.
Kf3 f5 0-1